A.C. Milan Squad 2019-20 - Statistics

General Stats
  • This quiz has been taken 45 times
    42 since last reset
  • The average score is 20 of 25
Answer Stats
Squad Number Position Nationality Player % Correct
90 GK Italian Antonio Donnarumma
97%
99 GK Italian Gianluigi Donnarumma
97%
18 ST Croatian Ante Rebić
94%
10 LW Turkish Hakan Çalhanoğlu
91%
19 LB French Theo Hernandez
91%
2 RB Italian Davide Calabria
88%
79 CM Ivorian Franck Kessié
88%
21 ST Swedish Zlatan Ibrahimović
88%
17 CF Portuguese Rafael Leão
85%
13 CB Italian Alessio Romagnoli
82%
4 DM Algerian Ismaël Bennacer
82%
24 CB Danish Simon Kjær
82%
- Manager Italian Stefano Pioli
82%
1 GK Bosnian Asmir Begović
79%
20 DM Argentine Lucas Biglia
79%
22 CB Argentine Mateo Musacchio
79%
33 CM Bosnian Rade Krunić
79%
7 RW Spanish Samu Castillejo
79%
93 LB Uruguayan Diego Laxalt
76%
39 AM Brazilian Lucas Paquetá
76%
12 RB Italian Andrea Conti
73%
56 RM Belgian Alexis Saelemaekers
70%
46 CB Italian Matteo Gabbia
70%
5 CM Italian Giacomo Bonaventura
61%
43 CB Brazilian Léo Duarte
58%
No matching quizzes found
Score Distribution
Percent of People with Each Score
Percentile by Number Answered
Your Score History
You have not taken this quiz since the last reset